000 00235nam a2200097Ia 4500
008 190216s9999||||xx |||||||||||||| ||und||
100 _aRaman Namboodiripad
245 0 _aGranthalaya Shashthram
260 _bBhasha Institute
942 _cBK
999 _c40425
_d40425